000
00270nam a2200109Ia 4500
008
190912s9999||||xx |||||||||||||| ||und||
100
_a
Mukhtar Zaman
245
0
_a
Students' Role In The Pakistan Movement
260
_a
USA
_b
McGraw-Hill
_c
1978
300
_a
244
942
_c
BK
999
_c
7378
_d
7378